000 00543nam a2200229Ia 4500
003 OSt
005 20220924142114.0
006 a|||||r|||| 00| 0
007 ta
008 220923b |||||||| |||| 00| 0 ben d
024 _a300434
037 _cTextual
040 _aARTS
_cARTS
_bben
041 _2ben
_aben
082 _aU8:2MH, 157K3
100 _aShrimani
_9212906
245 0 _aDur durgame
260 _c1963
650 _aGEOGRAPHY
942 _hU8:2MH, 157K3
_cTEXL
_2CC
999 _c449323
_d449323